<?xml version="1.0" encoding="UTF-8"?><marc:collection xmlns:marc="http://www.loc.gov/MARC21/slim">
  <marc:record>
    <marc:leader>00000nam##2200000za#4500</marc:leader>
    <marc:controlfield tag="001">9.678565</marc:controlfield>
    <marc:controlfield tag="003">CaOODSP</marc:controlfield>
    <marc:controlfield tag="005">20241118075852</marc:controlfield>
    <marc:controlfield tag="007">ta</marc:controlfield>
    <marc:controlfield tag="008">150407|1994||||xxc|||||     f|0| 0 fre|d</marc:controlfield>
    <marc:datafield tag="020" ind1=" " ind2=" ">
      <marc:subfield code="a">2-920417-66-5</marc:subfield>
      <marc:subfield code="z">0-660-58028-4</marc:subfield>
    </marc:datafield>
    <marc:datafield tag="040" ind1=" " ind2=" ">
      <marc:subfield code="a">CaOODSP</marc:subfield>
      <marc:subfield code="b">fre</marc:subfield>
    </marc:datafield>
    <marc:datafield tag="043" ind1=" " ind2=" ">
      <marc:subfield code="a">n-cn---</marc:subfield>
    </marc:datafield>
    <marc:datafield tag="086" ind1="1" ind2=" ">
      <marc:subfield code="a">P60-4/8-1993F</marc:subfield>
    </marc:datafield>
    <marc:datafield tag="110" ind1="2" ind2=" ">
      <marc:subfield code="a">Groupe Communication Canada. </marc:subfield>
      <marc:subfield code="b">Édition.</marc:subfield>
    </marc:datafield>
    <marc:datafield tag="245" ind1="1" ind2="0">
      <marc:subfield code="a">Affiches de guerre canadiennes : </marc:subfield>
      <marc:subfield code="b">1914-1918; 1939-1945 / </marc:subfield>
      <marc:subfield code="c">par Marc H. Choko. </marc:subfield>
    </marc:datafield>
    <marc:datafield tag="260" ind1=" " ind2=" ">
      <marc:subfield code="a">Laval - Québec : </marc:subfield>
      <marc:subfield code="b">Groupe Communication Canada. </marc:subfield>
      <marc:subfield code="c">1994.</marc:subfield>
    </marc:datafield>
    <marc:datafield tag="300" ind1=" " ind2=" ">
      <marc:subfield code="a">199p.</marc:subfield>
      <marc:subfield code="b">ill. (certaines en couleur)</marc:subfield>
    </marc:datafield>
    <marc:datafield tag="500" ind1=" " ind2=" ">
      <marc:subfield code="a">Publié par les Éditions du Méridien en collaboration avec Groupe Communication Canada -- Édition. Données de catalogage avant publication (Canada) imprimées dans cette publication. Sommaire: Introduction.--Une longue guerre de tranchées.--La guerre éclair.--Enrôlez-vous!--Contre la barbarie.--Donnez votre or.--L'effort de guerre.--La cinquième colonne.--La production des affiches de guerre canadiennes.--Les artistes: notices biographiques.--Illustrations couleur.--Liste des illustrations.--Bibliographie.</marc:subfield>
    </marc:datafield>
    <marc:datafield tag="504" ind1=" " ind2=" ">
      <marc:subfield code="a">Bibliographie.</marc:subfield>
    </marc:datafield>
    <marc:datafield tag="520" ind1="3" ind2=" ">
      <marc:subfield code="a">Des vues graphiques portant sur l’histoire du Canada pendant la Première et la Seconde Guerre mondiale.</marc:subfield>
    </marc:datafield>
    <marc:datafield tag="590" ind1=" " ind2=" ">
      <marc:subfield code="a">94-21</marc:subfield>
      <marc:subfield code="b">1994-05-27</marc:subfield>
    </marc:datafield>
    <marc:datafield tag="691" ind1="0" ind2="7">
      <marc:subfield code="a">Guerre</marc:subfield>
      <marc:subfield code="2">gcpds</marc:subfield>
    </marc:datafield>
    <marc:datafield tag="691" ind1="0" ind2="7">
      <marc:subfield code="a">Histoire militaire</marc:subfield>
      <marc:subfield code="2">gcpds</marc:subfield>
    </marc:datafield>
    <marc:datafield tag="720" ind1="1" ind2=" ">
      <marc:subfield code="a">Choko, Marc H.</marc:subfield>
    </marc:datafield>
    <marc:datafield tag="775" ind1="0" ind2="8">
      <marc:subfield code="t">Canadian war posters : </marc:subfield>
      <marc:subfield code="w">(CaOODSP)9.644756</marc:subfield>
    </marc:datafield>
    <marc:datafield tag="776" ind1="0" ind2="#">
      <marc:subfield code="t">Affiches de guerre canadiennes : </marc:subfield>
      <marc:subfield code="w">(CaOODSP)9.643631</marc:subfield>
    </marc:datafield>
  </marc:record>
</marc:collection>
